Highest points in Australian states - Statistics

General Stats
  • This quiz has been taken 7 times
  • The average score is 2 of 9
Answer Stats
Hint Answer % Correct
1622m Queensland Mount Bartle Frere
60%
2228m New South Wales Mount Kosciuszko
60%
1986m Victoria Mount Bogong
40%
1253m Western Australia Mount Meharry
20%
1614m Tasmania Mount Ossa
20%
1531m Northern Territory Mount Zeil
20%
1913m Australian Capital Territory Bimberi Peak
0%
2745m Heard Island Mawson Peak
0%
1435m South Australia Mount Woodroffe
0%
No matching quizzes found
Score Distribution
Percent of People with Each Score
Percentile by Number Answered
Your Score History
You have not taken this quiz